000 01928nam2a2200325 4500
001 RU\NLR\19V\602245
005 20251113190630.9
035 _a(NLR Aleph) 010349003
090 _a10737971
_c10737971
100 _a20070823d1902 u||y0rusy50 ca
101 2 _arus
_ceng
102 _aRU
105 _ay z 000ay
200 0 _aТ. 19–20
210 _d1902
215 _a216. 218 с. разд. паг.
327 1 _aСодерж.: Т. 19: Святочные вечера. Цимбелин : драма в 5-ти д. : пер. с англ. / соч. В. Шекспир. Т. 20: Жизнь и смерть короля Ричарда третьего / [соч.] Вильяма Шекспира ; пер. Г. П. Данилевского. Из путевых заметок: 1. Хуторок близ Диканьки ; 2. Дивногорск ; 3. Аракчеевские поселения на Украйне ; 4. Немецкие колонии близ Крыма ; 5. Бюджет одного взяточника ; 6. Шамиль в Малороссии
461 0 _1001v19\rc\1741534
_12001#$aСочинения Г. П. Данилевскаго$eв 24 т., с портр. автора$vТ. 19–20
_1700#1$aДанилевский$bГ. П.$f1829-1890$gГригорий Петрович$3RU\NLR\AUTH\7717156
_95776555
_aДанилевский, Г. П. (1829-1890)
_cСанкт-Петербург
_d1902
_e9-е изд.
_nА. Ф. Маркс
_oв 24 т., с портр. автора
_tСочинения Г. П. Данилевскаго
_vТ. 19–20
801 _aRU
_bNLR
_c20070823
_gpsbo
801 1 _aRU
_bNLR
_c20070823
_2rusmarc
801 2 _aRU
_bNLR
_c20100818
_2rusmarc
852 _aNLR
_j34.9.4.20(19-20)
899 _aRuMoRGB
_jF 103/88
899 _aRuMoRGB
_jРб 10/377
899 _aБАН
_z(19)
899 _aГПИБ
_z(19)
942 _cBOOK
980 _aMONB
980 _aNB